Statistics for Capital Cities from a 20-Letter Grid #3

Click here to take the quiz!

General Stats

  • This quiz has been taken 78 times
  • The average score is 3 of 5

Answer Stats

HintAnswer% Correct
LETTERS IN THE GRID ALONEPARIS
85%
LETTERS IN THE GRID + LLIMA
65%
LETTERS IN THE GRID + GRIGA
62%
LETTERS IN THE GRID + NMINSK
48%
LETTERS IN THE GRID ALONERIYADH
32%

Score Distribution

Percentile by Number Answered

Percent of People with Each Score

Your Score History

You have not taken this quiz